00526nmm a2200169Ia 4500008004100000020001800041041000800059100003200067245004600099264006000145300001800205490004500223650001300268856005100281942000700332999001700339251105s9999||||xx |||||||||||||||||und|| a9789587387476 aspa aGalindo Rojas, Edna Jeannet 0aNeurobiología de la percepción visual a[Bogotá, Colombia] :bUniversidad del Rosario, c2016 a175 páginas aTextos de medicina y de ciencias humanas aMedicine uhttps://public.digitaliapublishing.com/a/46416 cCF c95854d95854